Humanismo y mundo moderno / (Record no. 81718)

MARC details
000 -LEADER
campo de control de longitud fija 00718nam a2200217 i 4500
001 - NÚMERO DE CONTROL
campo de control 81718
003 - IDENTIFICADOR DE NÚMERO DE CONTROL
campo de control ES-MaACL
005 - FECHA Y HORA DE LA ÚLTIMA TRANSACCIÓN
campo de control 20230906174510.0
007 - CAMPO FIJO DE DESCRIPCIÓN FÍSICA--INFORMACIÓN GENERAL
campo de control de longitud fija t|
008 - DATOS DE LONGITUD FIJA--INFORMACIÓN GENERAL
campo de control de longitud fija 041105s1960 sp ||||1| spa d
245 00 - MENCIÓN DEL TÍTULO
Título Humanismo y mundo moderno /
Mención de responsabilidad, etc. Giuseppe Toffanin... [et al.] ; traducción y prólogo de José Oroz.
260 ## - PUBLICACIÓN, DISTRIBUCIÓN, ETC.
Lugar de publicación, distribución, etc. Madrid :
Nombre del editor, distribuidor, etc. Avgvstinus,
Fecha de publicación, distribución, etc. 1960 (
Fabricante Halar)
300 ## - DESCRIPCIÓN FÍSICA
Extensión 319 p. ;
Dimensiones 20 cm.
490 1# - MENCIÓN DE SERIE
Mención de serie Avgvstinvs ;
Designación de volumen o secuencia 6
500 ## - NOTA GENERAL
Nota general Traducción de: Umanesimo e mondo moderno. Umanesimo e mondo contemporaneo.
700 1# - ENTRADA AGREGADA--NOMBRE PERSONAL
Nombre de persona Toffanin, Giuseppe.
9 (RLIN) 110416
700 1# - ENTRADA AGREGADA--NOMBRE PERSONAL
Nombre de persona Oroz, José.
9 (RLIN) 87322
830 0# - PUNTO DE ACCESO ADICIONAL DE SERIE-TÍTULO UNIFORME
Título uniforme Avgvstinvs ;
Designación de volumen o secuencia 6
9 (RLIN) 231548
852 ## - LOCALIZACIÓN
Ubicación ES-MaACL
Número de control de estantería C-18702
Sublocalización o colección R.46656
Holdings
Estatus retirado Estado de pérdida Estado de daño No para préstamo Biblioteca de origen Biblioteca actual Ubicación en estantería Fecha de adquisición Fuente de adquisición Total de préstamos Signatura topográfica completa Código de barras Visto por última vez Precio de reemplazo Tipo de ítem Koha
        Biblioteca del Ateneo de Madrid Biblioteca del Ateneo de Madrid Galería 17/01/2008     C-18702 1085414 23/02/2023 23/02/2023 Libro impreso